U.S. Cities By Nickname - EASY - Statistics

General Stats
  • This quiz has been taken 60 times
  • The average score is 11 of 14
Answer Stats
Hint Answer % Correct
Sin City Las Vegas
94%
The City of Angels Los Angeles
94%
Golden Gate City San Francisco
94%
The Big Apple New York City
92%
The Windy City Chicago
90%
The Mile High City Denver
86%
Music City Nashville
84%
City of Brotherly Love Philadelphia
80%
The Big Easy New Orleans
76%
The Big Pineapple Honolulu
73%
Space City Houston
71%
Alamo City San Antonio
71%
Beantown Boston
67%
The Emerald City Seattle
51%
No matching quizzes found
Score Distribution
Percent of People with Each Score
Percentile by Number Answered
Your Score History
You have not taken this quiz